Statistics for Engelske idiomer med norsk forklaring

Click here to take the quiz!

General Stats

  • This quiz has been taken 80 times
  • The average score is 10 of 53

Answer Stats

HintAnswer% Correct
"Gjennom tykt og tynt"Through thick and thin
67%
"Ta deg sammen"Pull yourself together
62%
"Reddet av gongongen"Saved by the bell
62%
"Les mellom linjene"Read between the lines
52%
"Begrave stridsøksen"Bury the hatchet
43%
"Øvelse gjør mester"Practice makes perfect
43%
"Ta det med en klype salt"Take it with a grain of salt
43%
"En tommelfingerregel"A rule of thumb
33%
"Mellom barken og veden"Between a rock and a hard place
33%
"Splitt og hersk"Divide and conquer
33%
"Du får ikke både pose og sekk"You can't have your cake and eat it too
29%
"Tåle tidens tann"Stand the test of time
24%
Gjøre hva som helst for å få til noe (være veldig fleksibel)Bend over backwards
19%
"Bite i gresset" (bli overvunnet)Bite the dust
19%
Å være totalt ukritisk (f.eks. å la seg hjernevaske)Drinking the Kool-Aid
19%
Noe du ikke har noe med å gjøreNone of your business
19%
"Å gjøre susen"To do the trick
19%
Å døTo kick the bucket
19%
En paradoksal og umulig situasjon du ikke kommer ut avA Catch-22
14%
Noe som gir både fordeler og ulemperA mixed blessing
14%
Når noe er nytteløst å prøve å finne eller oppnåA wild goose chase
14%
"Føre-var"Better safe than sorry
14%
"Tatt på fersken"Caught red-handed
14%
"Sette hardt mot hardt"Fight fire with fire
14%
Å bare berøre overflaten i stedet for å lære mer ved å gå dypereJust scratching the surface
14%
Å ligge helt likt i en konkurranseNeck and neck
14%
"Den som intet våger, intet vinner"No guts no glory
14%
Enda ikke trygg og ferdig med en prøvelseNot out of the woods yet
14%
En potensiell problematisk situasjon du ønsker å unngåOpen up a can of worms
14%
Å presse grensen for hva som er mulig å gjørePushing the envelope
14%
Å være enig med noenSee eye to eye
14%
Å vise noen rundt og hvordan man gjør tingShow him the ropes
14%
Å jobbe veldig hardtTo bust one's hump
14%
Å være sjefen som bestemmerTo call the shots
14%
Å gå konkursTo go belly up
14%
Å følge regleneTo go by the book
14%
Når det blir nødvendig å ta et grepWhen push comes to shove
14%
Å ha en dårlig dagA bad hair day
10%
Et åpenlyst valgA no-brainer
10%
Å prøve igjen etter å ha mislyktesBack to the drawing board
10%
Å gå til feil person om en henvendelse; generelt å ta feilBarking up the wrong tree
10%
Å ha gjort et godt forsøk, men ikke ha fått det ordentlig tilClose but no cigar
10%
"Stopp en hal"Hold your horses
10%
I stor nødIn dire straits
10%
En situasjon som kommer ut av kontrollTo get out of hand
10%
Å lure seg ut av et ansvarTo weasel out of
10%
Å gå for langt (dvs. prøve seg på noe som ikke går)A bridge too far
5%
En total fiaskoA train wreck
5%
Alt på en gangIn one fell swoop
5%
Helt fra begynnelsen avRight off the bat (or from the get-go)
5%
"Målet helliger midlene"The end justifies the means
5%
Å virkelig å ha strukket seg langt for å hjelpe noenTo go above and beyond
5%
Å få kritikk uansett hva du gjør (for det ene valget og det andre)You're damned if you do, you're damned if you don't
5%

Score Distribution

Percentile by Number Answered

Percent of People with Each Score

Your Score History

You have not taken this quiz